|
|
|
|
| LEADER |
00637nta a2200193 i 4500 |
| 001 |
dipl90277 |
| 005 |
20201215161532.0 |
| 008 |
201215s2008 hu om 0|| zxx d |
| 040 |
|
|
|a SZTE Diploma Repozitórium
|b hun
|
| 041 |
|
|
|a zxx
|
| 100 |
1 |
|
|a Kis Zoltán
|
| 245 |
1 |
0 |
|a Bonaparte Napoleon a reformkori folyóiratok tükrében
|h [elektronikus dokumentum] /
|c Zoltán Kis
|
| 260 |
|
|
|c 2008
|
| 650 |
|
4 |
|a Bölcsészettudományok
|
| 650 |
|
4 |
|a Humanities
|
| 650 |
|
4 |
|a History and archaeology
|
| 650 |
|
4 |
|a History
|
| 700 |
1 |
|
|a Döbör András
|e ths
|
| 856 |
4 |
0 |
|u http://diploma.bibl.u-szeged.hu/id/eprint/90277/1/2008_kis_zoltan.pdf
|z Dokumentum-elérés
|